Advanced Dynamics (Record no. 3777)

MARC details
005 - DATE AND TIME OF LATEST TRANSACTION
control field 20250623120540.0
020 ## - INTERNATIONAL STANDARD BOOK NUMBER
International Standard Book Number 0 521 82612 8
082 ## - DEWEY DECIMAL CLASSIFICATION NUMBER
Classification number LM 531.11 GRE
100 ## - MAIN ENTRY--PERSONAL NAME
Author name GREENWOOD, D. T.
245 ## - TITLE STATEMENT
Title Advanced Dynamics
260 ## - PUBLICATION, DISTRIBUTION, ETC.
Place of publication, distribution, etc. Cambridge,
Name of publisher, distributor, etc. Cambridge University Press,
Date of publication, distribution, etc. 2003.
300 ## - PHYSICAL DESCRIPTION
Extent x, 425p.: ill.; figures
Other physical details Index
Dimensions 26cm.
856 ## - ELECTRONIC LOCATION AND ACCESS
Link text Access Online Book
Electronic name Advanced Dynamics
Path www.cambridge.org
942 ## - ADDED ENTRY ELEMENTS (KOHA)
Source of classification or shelving scheme Dewey Decimal Classification
Koha item type Books
Holdings
Date last seen Total checkouts Full call number Barcode Cost, replacement price Price effective from Koha item type Lost status Source of classification or shelving scheme Damaged status Not for loan Withdrawn status Home library Current library Shelving location Date acquired Cost, normal purchase price
06/11/2025   LM 531.11 GRE 00000010836 600600.00 06/11/2025 Books   Dewey Decimal Classification       College of Business Education Main Library College of Business Education Main Library Special Reserve Collection 04/22/2005 200200.00
06/11/2025   LM 531.11 GRE 00000010837 600600.00 06/11/2025 Books   Dewey Decimal Classification       College of Business Education Main Library College of Business Education Main Library Special Reserve Collection 04/22/2005 200200.00